00679 2200265 4500001002100000005001700021008004100038020001800079035002400097082001100121090002100132100001300153245005400166250001100220260003100231300002800262440001300290500002600303650001800329850001500347985000600362999001500368999001500383999001500398YOGYA-0209000002963620090227024348.0 ind  a979-526-442-7 0010-020900000029636 a629.25 a629.25bDar RlT aDARYANTO aReparasi sistem pendinginan mesin mobilcDaryanto aCet. 1 aJakartabBumi Aksarac1999 aix, 73 hlmbilus6c25 cm aOtomotif aBibliografi : hlm. 73 aMobil - Mesin aYOPDYOG(B) a3 a01P0000871 a01P0000872 a01P0000873